Coupe de France 2014 - Effectif de l'En Avant Guingamp - Statistiques

Statistiques générales
  • Ce quiz a été pris 211 fois
  • Le résultat moyen est 12 sur 18
Statistiques - réponses
Joueur Poste % Correct
Titulaire 29 Christophe Kerbrat DC
93%
Titulaire 8 Claudio Beauvue MD
86%
Titulaire 18 Lionel Mathis MC (cap.)
86%
Titulaire 15 Jeremy Sorbon DC
85%
Titulaire 30 Mamadou Samassa G
85%
Titulaire 9 Mustapha Yatabaré AT
85%
Remplaçant 26 Thibaut Giresse MC
79%
Titulaire 13 Christophe Mandanne AT
73%
Titulaire 6 Jonathan Martins Pereira DD
72%
Titulaire 7 Dorian Lévêque DG
69%
Remplaçant 5 Mustapha Diallo MC
64%
Titulaire 10 Younousse Sankharé MC
58%
Titulaire 11 Steven Langil MG
55%
Remplaçant 28 Fatih Atik MD
52%
Remplaçant 14 Ladislas Douniama AT
48%
Remplaçant 16 Guy-Roland Ndy Assembé G
39%
Remplaçant 17 Rachid Alioui AT
37%
Remplaçant 4 Baïssama Sankoh DC
27%
Aucun quiz correspondant
Distribution des résultats
% des personnes avec chaque résultat
Percentile par nombre de réponses
Votre historique - résultats
Vous n’avez pas pris ce quiz